Countries in Relation to Cities #1 - Statistics

General Stats
  • This quiz has been taken 45,047 times
    45,036 since last reset
  • The average score is 17 of 24
Answer Stats
City Direction Country % Correct
Beijing North Mongolia
97%
Miami South Cuba
93%
London East Netherlands
87%
Milan North Switzerland
87%
Tokyo East United States
87%
Rome West France
83%
Glasgow West Canada
80%
Dubai North Iran
78%
Tunis North Italy
77%
Cairo North Turkey
76%
Helsinki South Estonia
74%
New York City East Portugal
73%
Delhi West Pakistan
72%
Hanoi West Laos
70%
Rio de Janeiro West Paraguay
70%
Sydney East Chile
66%
Vienna East Slovakia
65%
Riyadh South Yemen
64%
Johannesburg South Lesotho
63%
Osaka South Indonesia
61%
Mumbai East Myanmar
51%
Buenos Aires East Uruguay
51%
Mecca West Sudan
49%
Ankara South Cyprus
48%
No matching quizzes found
Score Distribution
Percent of People with Each Score
Percentile by Number Answered
Your Score History
You have not taken this quiz since the last reset